| 000 | 01261nam a2200229Ia 4500 | ||
|---|---|---|---|
| 003 | Ost | ||
| 005 | 20260507075127.0 | ||
| 008 | 260507s9999||||xx |||||||||||||| ||und|| | ||
| 020 | _a9957320947 | ||
| 040 | _cfsecg | ||
| 041 | _aara | ||
| 082 | _a330 | ||
| 100 |
_aعاكف، الزعبي _eمؤلف |
||
| 245 | 0 |
_aمبادئ التسويق الزراعي / _c الزعبي عاكف |
|
| 260 |
_aعمان: _bدار الحامد, _c2006 |
||
| 300 |
_a261 صفحة؛ _c25 سم |
||
| 520 | _aالتسويق ومبادئه الأساسية-التسويق الزراعي-وظائف التسويق الزراعي-قنوات التسويق-تكاليف وهوامش التسويق-أسواق الجملة-مؤسسات أو منظمات التسويق الأهلية وشبه الحكومية-مداخل دراسة التسويق-الأداء التسويقي لتجارة الجملة وقواعد تقييمه- دور الحكومة في التسويق-سياسات التسويق الزراعي لمنظمة التجارة العالمية WTO-سياسات التسويق الزراعي في الأردن. | ||
| 653 | _aالتسويق الزراعي | ||
| 653 | _aسياسات التسويق | ||
| 653 | _aمنظمات التسويق | ||
| 942 | _cكتاب | ||
| 999 |
_c43162 _d43162 |
||